| 000 -LEADER |
| fixed length control field |
01575nam a22000977a 4500 |
| 008 - FIXED-LENGTH DATA ELEMENTS--GENERAL INFORMATION |
| fixed length control field |
211220b ||||| |||| 00| 0 eng d |
| 100 ## - MAIN ENTRY--AUTHOR'S NAME |
| Author's Name |
Dieks, Jochen |
| 245 ## - TITLE STATEMENT |
| Title |
Die Marken der Hamburger Boten-Institute (Hamburg City Post) |
| Remainder of title |
C. Hamer & Co, H. Scheerenbeck, W. Krantz, Th. Lafrenz und der Brief-, Packet- & Guter-Expedition Charles van Diemen in Originalen, Neudrucken, Falschungen und Schwindelmarken |
| 260 ## - PUBLICATION, DISTRIBUTION, ETC. (IMPRINT) |
| Place of publication, distribution, etc. |
[Bury St Edmunds, Suffolk, UK |
| Name of publisher, distributor, etc. |
Peter F. Rogers, Director, Stadtpost Collectors Group] |
| Date of publication, distribution, etc. |
2002 |
| 650 ## - TOPICAL TERM (Tag) |
| Topical term or geographic name |
Hamburg Boten Stamps | Germany -- Hamburg | Locals and Private Posts | Bogus Issues | Forgeries and Counterfeits | Forgers and Producers of Bogus Issues | Cinderella Material | Reissues and Reprints | Collecting -- Identification | Forgeries and Bogus Issues | Production | Errors and Varieties | Printing | Paper | Color | Institut Hamburger Boten (Firm) | Institut Hamburger Boten, C. Hamer & Co. (Firm) | Hamburg Boten Institute, C. Harmer (Firm) | Institut Hamburger Boten, H. Scheerenbeck (Firm) | Institut Hamburger Boten, W. Krantz (Firm) | 6 Vereinigte Corporationen, H. Scheerenbeck (Firm) | Hamonia, W. Krantz (Firm) | Verein Hamburger Boten, Th. Lafrenz (Firm) | Charles van Diemen Brief, Packet- & Guter-Expedition, Hamburg (Firm) | Brief-, Packet- & Guter-Expedition Charles van Diemen (Firm) | Hamer, Carl | Lehmann, Carl | Harmer, C. | Scheerenbeck, H. | Krantz, W. | Lafrenz, Th. | Diemen, Charles van | Scott, John Walter, 1845-1919. | Taylor, S. Allan (Samuel Allan), 1838-1913. | Spiro, Philip | Spiro Brothers | Biographies | Bibliographies |